| 000 | 00465nam a2200157Ia 4500 | ||
|---|---|---|---|
| 008 | 160316s2011 xxu||||| |||| 00| 0 eng d | ||
| 082 |
_a312.000000 _bKUM |
||
| 100 | _aKumar T.K. Anil | ||
| 245 | _aCensus of India 2011 Primary Census Abstract Data Highlights | ||
| 250 | _a | ||
| 260 |
_aKarnataka _bDirectorate of Census Operations _c2011 |
||
| 300 |
_a85 _b _c |
||
| 365 | _b | ||
| 650 | _a1. census 2. primary census abstract 3. data highlights | ||
| 700 |
_a _a |
||
| 999 |
_c34352 _d34352 |
||